[Event "Cavarzere op 15th"]
[Site "Cavarzere"]
[Date "2012.10.21"]
[Round "2"]
[White "Della Sala, Bruno"]
[Black "Negro, Roberto"]
[Result "0-1"]
[WhiteElo "1901"]
[BlackElo "2106"]
[PlyCount "88"]
[EventDate "2012.10.20"]
[EventType "swiss"]
[EventRounds "6"]
[EventCountry "ITA"]
[SourceTitle "EXT 2015"]
[Source "ChessBase"]
[SourceDate "2014.11.20"]
[SourceVersion "1"]
[SourceVersionDate "2014.11.20"]
[SourceQuality "1"]

1. d4 Nf6 2. Nf3 c5 3. d5 g6 4. c4 b5 5. cxb5 a6 6. b6 Qxb6 7. Nc3 Bg7 8. e4 d6 9. Be2 0-0 10. 0-0 Nbd7 11. h3 Ne8 12. Qc2 Nc7 13. a4 Rb8 14. Rb1 f5 15. Bg5 fxe4 16. Nd2 Nf6 17. Ndxe4 Nxe4 18. Nxe4 Rf7 19. Nc3 Qb3 20. Bd1 Qb4 21. Be2 Bf5 22. Bd3 Bxd3 23. Qxd3 Qd4 24. Qc2 Nxd5 25. Rfd1 Nb4 26. Rxd4 Nxc2 27. Rd2 Nd4 28. Re1 e5 29. Ne4 h6 30. Be3 Rb6 31. a5 Rc6 32. b4 cxb4 33. Bxd4 exd4 34. Rb1 d5 35. Ng3 Rb7 36. Ne2 Rc4 37. Nf4 Rb5 38. Nd3 b3 39. Nc1 Rxa5 40. Nxb3 Rb5 41. Rdd1 Rc2 42. Na1 Rcb2 43. Rbc1 a5 44. Re1 d3 0-1

[Event "Mogliano Veneto op-B 31st"]
[Site "Mogliano Veneto"]
[Date "2010.05.01"]
[Round "3"]
[White "Della Sala, Bruno"]
[Black "Sorbera, Enrico"]
[Result "0-1"]
[WhiteElo "1740"]
[BlackElo "1780"]
[PlyCount "120"]
[EventDate "2010.04.30"]
[EventType "swiss"]
[EventRounds "5"]
[EventCountry "ITA"]
[SourceTitle "EXT 2023"]
[Source "ChessBase"]
[SourceDate "2022.10.05"]
[SourceVersion "1"]
[SourceVersionDate "2022.10.05"]
[SourceQuality "1"]

1. d4 e6 2. c4 d5 3. Nc3 Nc6 4. cxd5 exd5 5. Bf4 Bf5 6. e3 a6 7. Nf3 Bd6 8. Bxd6 Qxd6 9. Bd3 Bxd3 10. Qxd3 Nf6 11. 0-0 0-0 12. a3 Rad8 13. b4 b5 14. Rac1 Ne7 15. Rc2 Nd7 16. Rfc1 Nb6 17. e4 Ng6 18. Nxd5 Nxd5 19. exd5 Nf4 20. Qd2 Nxd5 21. Rc6 Qf4 22. Qxf4 Nxf4 23. Kf1 Rd6 24. Rxc7 h6 25. R1c6 Rfd8 26. Rxd6 Rxd6 27. g3 Ne6 28. Ra7 f6 29. Ke2 Kf8 30. Kd3 Ke8 31. Ke4 Kd8 32. h4 Nc7 33. g4 Kc8 34. g5 Kb8 35. Rxc7 Kxc7 36. gxf6 gxf6 37. Kf5 Rd8 38. h5 Rg8 39. Ke6 Re8+ 40. Kf7 Re4 41. Kg7 Rf4 42. Ne1 Rxd4 43. Kxh6 Rg4 44. Kh7 Kd7 45. Nd3 Kc6 46. Nc5 a5 47. f3 Rf4 48. h6 Rxf3 49. Kg7 Rxa3 50. Kxf6 axb4 51. Ne4 b3 52. h7 Ra8 53. Nd2 b2 54. Kg7 Kd5 55. h8Q Rxh8 56. Kxh8 Kd4 57. Kg7 Kc3 58. Nb1+ Kd3 59. Kf6 b4 60. Ke5 Kc2 0-1